| 000 | 00328 a2200145 4500 | ||
|---|---|---|---|
| 003 | Nust | ||
| 005 | 20170207154218.0 | ||
| 040 | _cNust | ||
| 082 | _a050 | ||
| 100 | _aPatron: Major General Shahzada Alam Malik | ||
| 245 | _aThe Qasid 1993 | ||
| 260 |
_aRawalpindi _bMCS _c1993 |
||
| 300 | _a52 P | ||
| 538 | _aAlmirah No.137 Shelf No.1 | ||
| 942 |
_2ddc _cBK |
||
| 999 |
_c195149 _d195149 |
||